00614nam a2200145Ia 4500008004100000024006800041100008400109110002700193245004000220260002600260600002500286650003300311856010700344999001700451260210s9999 xx 000 0 und d a19B-033-SE, 19B-024-SE, 19B-010-SE, 19B-045-SE & 19B-009-SE aAqsa Naz, Eina Zia, Gul e Hasnain, Muhammad Ahtisham & M. Syed Ul Mursaleen aDr. Rehan Inam Qureshi 0aHigh Speed network traffic analyzer aKarachi:bUITU,c2019 aSoftware engineering aBachelor of Engineering (BE) uhttps://drive.google.com/file/d/1s-9sMLjZIgP-zuAeloY3370nRch6lBam/view?usp=sharingyClick here for PDF c33495d33495